| 000 | 01736 a2200169 4500 | ||
|---|---|---|---|
| 003 | NUST | ||
| 005 | 20221209130900.0 | ||
| 040 | _cNust | ||
| 082 | _a297.22,USM | ||
| 100 |
_aUsmani., Muhammad Taqi _978221 |
||
| 245 |
_aSpiritual discourses (Vol-3) / _cMuhammad Taqi Usmani. |
||
| 260 |
_aKarachi _bDar ul Ishhat _c2001 |
||
| 300 | _a352 p.: | ||
| 505 | _aEvil Suggestion and Their Remedy (Page-5), Difference Between Getting and Inviting Thoughts (Page-15),Egoism-and its Remedy (Page-27), Amger and how to Curb it (Page-37), Do Not Pure the Demands of Anger (Page-45), Mtthod of Controlling Anger (Page-58),jealousy and its Remedy(1), (Page-670, Jealousy and its Remedy (2) (Page-75), Malice ANS its Remedy (Page-87), Love of the World and its Remedy (Page99), Negligence and its Remedy (Page-109), Love of the world and its Remedy (Page-117), Love of the World and its Remedy (Page-133), Love of the World and its Remedy (Page-143),Love of the World and its Remedy (Page-153), Love of Status (Rank) and its Remedy (Page-165), Love of the World and its remedy175 (PAge-175), Arrogance - its Different Kinds (Page-1910, Talkativeness & its Remedy (Page-201), niggardliness & its Remedy (page-215), Niggardliness & its Remedy (Page-225), Niggardliness & its Remedy (Page-237), Extravagance and Remedy (page-245), Extravagance and its Remedy (page-255), Extravagance and its Remedy (Page-267), Extravagance and its Remedy (Page-277), Anger or Shame (Page-2850, Remedy of sine repentance (page-2970, Remedy of sins Repentance (Page-313), The Truth about remembering ones sins (Page-323), Antidote to sin-Tawbah (Page-337), Resolve to give up sin (Page-345). | ||
| 650 |
_aSpiritual Discourses _9104554 |
||
| 942 |
_2ddc _cBK _k297.22,USM |
||
| 999 |
_c194023 _d194023 |
||